000 00375pab a2200145 454500
008 180718b1998 xxu||||| |||| 00| 0 eng d
100 _aDery, David
245 _aElected mayors and de facto decentralisation, Israeli style
260 _c1998
300 _ap.45-55
362 _aSummer
650 _aLocal government
773 _aLocal Government Studies
909 _a38652
999 _c38652
_d38652